Catalog

Record Details

Catalog Search



Agape in the New Testament :  Volume Three : Agape in the Gospel, Epistles and Apocalypse of St. John /  Cover Image Book Book

Agape in the New Testament : Volume Three : Agape in the Gospel, Epistles and Apocalypse of St. John / Ceslaus Spicq, translated by Marie Aquinas McNamara and Mary Honoria Richter.

Spicq, Ceslas, 1901-1993 (Author). McNamara, Marie Aquinas (Added Author). Richter, Mary Honoria (Added Author).

Record details

  • Physical Description: 262 s.; 21 cm.
  • Publisher: St. Louis and London : B. Herder Book Co. 1966.

Content descriptions

Bibliography, etc. Note:
Bibliographical references included in footnotes.
Subject: Bible. New Testament > Criticism, interpretation, etc.
Agape.
Love > Religious aspects > Christianity.

Available copies

  • 1 of 1 copy available at Common Catalog SPOK.

Holds

  • 0 current holds with 1 total copy.
Show Only Available Copies
Location Call Number / Copy Notes Barcode Shelving Location Status Due Date
ETS Library 265.8 424470017233 Volný výběr Available -

LDR 01266cam a22003491a 4500
00133269
003CZ-PrJAB
00520190709105533.0
008760512m19669999mou e b 000 0 eng
010 . ‡a 63021562
035 . ‡a(CONS)14481
035 . ‡9(DLC) 63021562
035 . ‡a(OCoLC)2171262
040 . ‡aDLC ‡cCtFaU ‡dDLC
0411 . ‡aengfre
042 . ‡apremarc
05000. ‡aBV823 ‡b.S713
082 . ‡a265.8
1001 . ‡aSpicq, Ceslas, ‡d1901-1993.
24510. ‡aAgape in the New Testament : ‡bVolume Three : Agape in the Gospel, Epistles and Apocalypse of St. John / ‡cCeslaus Spicq, translated by Marie Aquinas McNamara and Mary Honoria Richter.
260 . ‡aSt. Louis and London : ‡bB. Herder Book Co. ‡c1966.
300 . ‡a262 s.; ‡c21 cm.
504 . ‡aBibliographical references included in footnotes.
63000. ‡aBible. ‡pNew Testament ‡xCriticism, interpretation, etc.
650 0. ‡aAgape.
650 0. ‡aLove ‡xReligious aspects ‡xChristianity.
700 . ‡aMcNamara, Marie Aquinas
700 . ‡aRichter, Mary Honoria
8524 . ‡bETS ‡bETS ‡cVolný výběr ‡j265.8 ‡p424470017233 ‡y$50.00
906 . ‡a7 ‡bcbc ‡coclcrpl ‡du ‡encip ‡f19 ‡gy-gencatlg
985 . ‡eOCLC REPLACEMENT cdsdistr
991 . ‡bc-GenColl ‡hBV823 ‡i.S713 ‡tCopy 1 ‡wOCLCREP
999 . ‡a14481 ‡c14481 ‡tbiblio
905 . ‡uadmin
901 . ‡a33269 ‡b ‡c33269 ‡tbiblio ‡sets

Additional Resources